01634nam a22002897a 4500003000900000005001700009007000300026008004100029040002500070082001600095100002300111245020900134260006400343300003200407500029600439500011000735500010500845590002700950700003300977700003601010710005101046710007501097910001401172942001401186952012701200999001701327DO-SdBNP20220721091208.0ta110301s2013 dr ac 000 0 spa d aDO-SdBNPbspacBNPHU 4axxxxbR741m1 aRojas, Flor95301810aManual de derechos humanos :bdesarrollo de las capacidades locales para la promoción de los derechos humanos en la provincia de Bahoruco /cFlor Rojas ; colaboradores Luisa M. Wiese, José Capellán aBahoruco, República Dominicana :bMude,bFuparedehc2013. a87 p. :bil., retr.c28 cm. aEsta publicación fue financiada por la Unión Europea, a través de la agencia implementadora Mujeres en Desarrollo Dominicana (MUDE), Rep. Dom. Las opiniones expresadas en esta publicación no representan aquellas de la UE, ni MUDE, corresponde a la autora del manual Dra. Flor Rojas.  aEl contenido de esta obra puede ser citado y difundido por cualquier medio. Agradecemos citar la fuente.  aLas fotografías que aparecen en este manual, son propiedad intelectual de sus autores originales.  aInventariado, 2022/ YL12aWiese, Luisa M.ecol.98205412aCapellán, Joséecol.9820551 aMujeres en Desarrollo Dominicana (MUDE)9725981 aFundación para la Educación en Derechos Humanos (FUPAREDEH)982056 aYLockward 2ddccLBS1 00102ddc51708PDaBNPHUbBNPHUcCTd2018-02-19eAmigo del Hogarl0oxxxx R741mp2022-3514r2022-07-21w2022-07-21yLBS1 c52205d52205